Statistics for Men Tennis Players by Picture

Click here to take the quiz!

General Stats

  • This quiz has been taken 119 times
  • The average score is 14 of 20

Answer Stats

Answer% Correct
Roger Federer
99%
Rafael Nadal
98%
Andre Agassi
92%
Novak Djokovic
88%
Andy Murray
87%
Bjorn Borg
87%
Boris Becker
86%
Pete Sampras
83%
Stan Wawrinka
80%
John McEnroe
79%
Jimmy Connors
72%
Rod Laver
72%
Ivan Lendl
63%
Leyton Hewitt
60%
Stefan Edberg
59%
Jim Courier
58%
Gustavo Kuerten
45%
Ilie Nastase
45%
Mats Wilander
45%
Guillermo Vilas
36%

Score Distribution

Percentile by Number Answered

Percent of People with Each Score

Your Score History

You have not taken this quiz